Normal view
MARC view
- EXPERIMENTAL DESIGN; TAGUCHI METHODS-QUALITY CONTROL; QUALITY CONTROL-STATISTICAL METHODS
Entry Topical Term
001 - CONTROL NUMBER
- control field: 60823
003 - CONTROL NUMBER IDENTIFIER
- control field: NUST
005 - DATE AND TIME OF LATEST TRANSACTION
- control field: 20210628202632.0
008 - FIXED-LENGTH DATA ELEMENTS
- fixed length control field: 210628|| aca||aabn | a|a d
040 ## - CATALOGING SOURCE
- Original cataloging agency: NUST
- Transcribing agency: NUST
150 ## - HEADING--TOPICAL TERM
- Topical term or geographic name entry element: EXPERIMENTAL DESIGN; TAGUCHI METHODS-QUALITY CONTROL; QUALITY CONTROL-STATISTICAL METHODS
670 ## - SOURCE DATA FOUND
- Source citation: Work cat.: (NUST): Roy, Ranjit.K 60822, Design of experiments using the taguchi approach 16 steps to product and process improvement, 2001
